000 00311nam a2200121Ia 4500
008 220204s9999 xx 000 0 und d
082 _bHOP
100 _aHopper, A G
245 0 _aBasic statistical quality control
260 _aLondon
_bMcGraw Hill
_c1969
650 _aStatistical quality control
942 _cBK
999 _c24717
_d24717